005860000a2200169000450000500170000000800410001708200160005810000240007424500630009826000520016130000110021365000410022465000400026594200070030595200910031299900130040320240605103851.0230817t1994 ||||| |||| 00| 0 eng d a305.42bBAT aBatliwala, Srilatha aWomen's empowerment in South Asia:bconcepts and practices aNew Delhi:bFAO-NGO South Asia Programme,c1994 a126 p. aWOMEN- South Asia- Social conditions aPower (Social sciences) -South Asia cBK 00104070aMAINbMAINd2023-08-17l0o305.42 BATpRAF4002r2023-08-17w2023-08-17yRP c209d209